000 00902nam a2200241 4500
001 1137
005 20181127162738.0
010 0 0 _a
020 0 0 _a999366880x
090 0 0 _a315.498 C3962r 2005
110 _aOffice of the Census Commissioner.
_b
_c
_d
_e
_n
_p
245 0 0 _aResults of population & housing census of Bhutan 2005 /
_b
_cOffice of the Census Commissioner.
_h
246 _aPopulation & housing census of Bhutan 2005.
_b
_f
_h
_i
_n
_p
246 _aResults of population and housing census of Bhutan 2005.
_b
_f
_h
_i
_n
_p
260 0 0 _aThimphu :
_bOffice of the Census Commissioner,
_c2006.
300 0 0 _ax, 492 p. ; 29 cm.
500 0 0 _aChiefly statistics.
590 _aElectronic copy available on RTC Cloud in "Library" folder
650 0 0 _aBhutan --Population --Statistics.
_x
650 0 0 _aHouseholds --Bhutan --Statistics.
_x
650 0 0 _aHousing --Bhutan --Statistics.
_x
856 _a
_u
_y
_z
_3
999 _c794
_d794